Loading...
| Literature - World | 0 | 5 | 0 | 1 | 50 | 96 | 113.00 | 0 | 0 | 0.00 | 0.00 |
| History - World | 0 | 4 | 0 | 0 | 40 | 51 | 76.00 | 1 | 2 | 0.00 | 0.00 |
| Literature - American | 0 | 4 | 0 | 1 | 40 | 108 | 116.50 | 0 | 0 | 0.00 | 0.00 |
| Fine Arts - Classical Music | 0 | 4 | 0 | 1 | 40 | 98 | 109.00 | 0 | 0 | 0.00 | 0.00 |
| Current Events | 0 | 4 | 0 | 1 | 40 | 74 | 97.00 | 0 | 1 | 0.00 | 0.00 |
| History - Other | 0 | 4 | 1 | 1 | 35 | 14 | 74.25 | 1 | 1 | 0.00 | 0.00 |
| Fine Arts - Other | 0 | 3 | 0 | 0 | 30 | 90 | 95.33 | 0 | 2 | 0.00 | 0.00 |
| Popular Culture | 0 | 3 | 0 | 0 | 30 | 36 | 70.33 | 0 | 1 | 0.00 | 0.00 |
| Fine Arts - Painting and Sculpture | 0 | 3 | 0 | 1 | 30 | 49 | 87.00 | 0 | 1 | 0.00 | 0.00 |
| History - European | 0 | 3 | 0 | 2 | 30 | 63 | 74.67 | 0 | 0 | 0.00 | 0.00 |
| Philosophy | 0 | 2 | 0 | 0 | 20 | 98 | 99.50 | 0 | 0 | 0.00 | 0.00 |
| Science - Chemistry | 0 | 2 | 1 | 0 | 15 | 88 | 94.00 | 0 | 0 | 0.00 | 0.00 |
| Social Science | 0 | 1 | 0 | 1 | 10 | 85 | 85.00 | 0 | 0 | 0.00 | 0.00 |
| Geography | 0 | 2 | 2 | 0 | 10 | 85 | 90.00 | 0 | 1 | 0.00 | 0.00 |
| Literature - European | 0 | 1 | 0 | 0 | 10 | 110 | 110.00 | 0 | 0 | 0.00 | 0.00 |
| Science - Other | 0 | 1 | 1 | 0 | 5 | 131 | 131.00 | 0 | 0 | 0.00 | 0.00 |
| Science - Physics | 0 | 1 | 1 | 1 | 5 | 106 | 106.00 | 0 | 0 | 0.00 | 0.00 |
| History - American | 0 | 1 | 2 | 0 | 0 | 54 | 54.00 | 0 | 0 | 0.00 | 0.00 |
| Science - Biology | 0 | 0 | 1 | 0 | -5 | 0.00 | 0 | 0 | 0.00 | 0.00 | |
| Literature - British | 0 | 0 | 2 | 0 | -10 | 0.00 | 0 | 0 | 0.00 | 0.00 |